Countries Logic has Visited - Statistics

General Stats
  • This quiz has been taken 12 times
  • The average score is 14 of 15
Answer Stats
Continent Country % Correct
Oceania Australia
100%
Europe Austria
100%
Europe Czech Republic
100%
Europe Denmark
100%
Europe France
100%
Europe Germany
100%
Europe United Kingdom
100%
North America United States of America
100%
North America Canada
88%
Europe Ireland
88%
Europe Norway
88%
Europe Sweden
88%
Europe Netherlands
75%
Europe Switzerland
75%
North America Belgium
63%
No matching quizzes found
Score Distribution
Percent of People with Each Score
Percentile by Number Answered
Your Score History
You have not taken this quiz